00669nam a2200193Ia 4500952013200000999001700132003000400149005001700153008004100170020001500211040000900226082001800235100002900253245008800282260004200370300000900412650001200421942004200433 00102ddc40708PHYSICSaMESbMEScPHYd2019-02-20g225.00l0o530.13 BHA/Sp34411r2019-02-20 00:00:00w2019-02-20yBKzG11R4 c34297d34297OSt20200903141451.0190216s9999||||xx |||||||||||||| ||und|| a8177640364 coclc a530.13bBHA/S aBhattacharjee, J K94419 0aStatistical Physics :bEquilibrium and Non Equilibrium Aspects /cJ K Bhattacharjee bAllied Publishers,c2002.aNew Delhi: a506p aPhysics cBK2ddch530.13iBHA/Sk530.13mBHA/S